LDR 00907naa#a2200181#i#450# 001 RU\INFRA-M\bibl\118989 005 20260416144549.4 011 ## _a3033-8166 100 ## _a20260330b2026####ek#y0rusy0150####ca 102 ## _aRU 200 1# _aПерспективы применения виртуальных платформ в сфере школьного образования _eЖурнальная статья 210 1# _aМосква _cОбщество с ограниченной ответственностью «Научно-издательский центр ИНФРА-М» _d2026 215 ## _a7 с. 608 ## _aЖурнальная статья _2local 675 ## _aУправление предприятиями. Организация производства, торговли и транспорта. 65 _z 700 #1 _aХайруллина _gА. Д. 700 #1 _aЮмаев _gД. А. 856 4# _anaukaru.ru _u